[Event "BCF-chT3N 1920 (4NCL)"]
[Site "England"]
[Date "2019.11.10"]
[Round "2.75"]
[White "Clarke, Paul Rh"]
[Black "Taylor, John Paul"]
[Result "1-0"]
[WhiteElo "1690"]
[BlackElo "1862"]
[PlyCount "95"]
[EventDate "2019.11.09"]
[EventType "team-swiss"]
[EventRounds "11"]
[EventCountry "ENG"]
[SourceTitle "EXT 2022"]
[Source "ChessBase"]
[SourceDate "2021.10.06"]
[SourceVersion "1"]
[SourceVersionDate "2021.10.06"]
[SourceQuality "1"]
[WhiteTeam "Bradford DCA Knights III"]
[BlackTeam "J'Adoube"]
[WhiteTeamCountry "ENG"]
[BlackTeamCountry "ENG"]

1. d4 Nf6 2. Bf4 d5 3. e3 e6 4. Nd2 Be7 5. Bd3 0-0 6. h3 b6 7. Ngf3 Bb7 8. 0-0 Nbd7 9. Ne5 c5 10. c3 c4 11. Bc2 b5 12. a3 a5 13. Nxd7 Qxd7 14. Re1 Rfc8 15. e4 dxe4 16. Nxe4 Nxe4 17. Bxe4 Bxe4 18. Rxe4 Ra7 19. Qd2 Rb7 20. Rd1 b4 21. axb4 axb4 22. d5 exd5 23. Qxd5 Qxd5 24. Rxd5 bxc3 25. bxc3 Bf6 26. Be5 Rb1+ 27. Kh2 Bxe5+ 28. Rdxe5 Kf8 29. Rd5 Rc1 30. Re3 Re8 31. Rf3 Re4 32. Rc5 Ke8 33. Rc7 g5 34. Rfxf7 Rh4 35. g3 Rh6 36. Rg7 Kf8 37. Rxg5 Rxc3 38. Rb5 Re6 39. Rxh7 Kg8 40. Rc7 Re8 41. h4 Rf8 42. f4 Re8 43. Rg5+ Kf8 44. h5 Re2+ 45. Kh3 Rc1 46. Kg4 Re7 47. Rgc5 c3 48. Rc8+ 1-0

[Event "BCF-chT3N 1920 (4NCL)"]
[Site "England"]
[Date "2019.11.09"]
[Round "1.15"]
[White "Reed, John"]
[Black "Clarke, Paul Rh"]
[Result "1-0"]
[WhiteElo "1982"]
[BlackElo "1690"]
[PlyCount "62"]
[EventDate "2019.11.09"]
[EventType "team-swiss"]
[EventRounds "11"]
[EventCountry "ENG"]
[SourceTitle "EXT 2022"]
[Source "ChessBase"]
[SourceDate "2021.10.06"]
[SourceVersion "1"]
[SourceVersionDate "2021.10.06"]
[SourceQuality "1"]
[WhiteTeam "Manchester Manticores II"]
[BlackTeam "Bradford DCA Knights III"]
[WhiteTeamCountry "ENG"]
[BlackTeamCountry "ENG"]

1. d4 d6 2. Nf3 Nf6 3. g3 Nbd7 4. Bg2 e5 5. 0-0 Be7 6. Nc3 c6 7. e4 0-0 8. a4 a5 9. b3 Qc7 10. Bb2 Re8 11. Re1 b6 12. Qd2 Ba6 13. Rad1 Rad8 14. h3 exd4 15. Nxd4 Nf8 16. Nf5 d5 17. Nxe7+ Rxe7 18. exd5 Rxe1+ 19. Rxe1 cxd5 20. Nb5 Bxb5 21. Bxf6 gxf6 22. axb5 Qc5 23. c4 d4 24. Bd5 Ne6 25. Bxe6 fxe6 26. Rxe6 Kf7 27. Re4 Qa3 28. Qh6 Rh8 29. Qh5+ Kf8 30. Qe8+ Kg7 31. Rg4+ Kh6 1-0

[Event "BCF-chT3N 1819 (4NCL)"]
[Site "England"]
[Date "2019.03.17"]
[Round "8.55"]
[White "Flint, Martina"]
[Black "Clarke, Paul Rh"]
[Result "1-0"]
[WhiteElo "1813"]
[BlackElo "1697"]
[PlyCount "141"]
[EventDate "2018.11.10"]
[EventType "team-swiss"]
[EventRounds "11"]
[EventCountry "ENG"]
[SourceTitle "EXT 2021"]
[Source "ChessBase"]
[SourceDate "2020.10.23"]
[SourceVersion "1"]
[SourceVersionDate "2020.10.23"]
[SourceQuality "1"]
[WhiteTeam "Jorvik"]
[BlackTeam "Bradford DCA Knights III"]
[WhiteTeamCountry "ENG"]
[BlackTeamCountry "ENG"]

1. f4 d5 2. g3 Nf6 3. Bg2 c6 4. Nf3 e6 5. 0-0 Bc5+ 6. Kh1 Nbd7 7. h3 0-0 8. e3 Re8 9. d4 Bd6 10. Qe1 Ne4 11. Nbd2 f5 12. Kh2 Ndf6 13. Ne5 Re7 14. Bf3 Bd7 15. Rg1 Kh8 16. Qe2 Be8 17. a3 Rc8 18. Nb3 b6 19. Bd2 Nxd2 20. Nxd2 Bxe5 21. fxe5 Nd7 22. c3 Nf8 23. Raf1 g6 24. e4 Rcc7 25. Qe3 Rf7 26. exf5 Rxf5 27. Rf2 Qe7 28. Kg2 c5 29. Rgf1 cxd4 30. cxd4 Bb5 31. Rd1 Ba4 32. b3 Be8 33. Nb1 Qd8 34. Rc1 Rff7 35. Rxc7 Rxc7 36. Qh6 Kg8 37. Bg4 Rf7 38. Rc2 Rc7 39. Qc1 Rxc2+ 40. Qxc2 Qd7 41. a4 Kg7 42. Qd2 Qc7 43. Nc3 a6 44. Ne2 b5 45. axb5 Bxb5 46. Nf4 Qc8 47. Kg1 Bd7 48. h4 h6 49. Nd3 Qe8 50. Nc5 Bb5 51. Qa5 Qf7 52. Qe1 Qe7 53. Kg2 h5 54. Be2 Bxe2 55. Qxe2 a5 56. Qa6 Qf7 57. Qb7 Kg8 58. Qxf7+ Kxf7 59. Nb7 Nd7 60. Nxa5 g5 61. hxg5 Kg6 62. Kf3 Kxg5 63. Nb7 Kf5 64. Nd6+ Kg5 65. b4 Nb8 66. b5 h4 67. gxh4+ Kxh4 68. Kf4 Nd7 69. Nf7 Kh5 70. Nd8 Kg6 71. Nxe6 1-0

[Event "BCF-chT3N 1617 (4NCL)"]
[Site "England"]
[Date "2017.05.01"]
[Round "11.76"]
[White "Pollard, Matthew B"]
[Black "Clarke, Paul Rh"]
[Result "1-0"]
[WhiteElo "1727"]
[BlackElo "1745"]
[PlyCount "45"]
[EventDate "2016.11.26"]
[EventType "team-swiss"]
[EventRounds "11"]
[EventCountry "ENG"]
[SourceTitle "EXT 2019"]
[Source "ChessBase"]
[SourceDate "2018.10.10"]
[SourceVersion "1"]
[SourceVersionDate "2018.10.10"]
[SourceQuality "1"]
[WhiteTeam "Manchester Manticores IV"]
[BlackTeam "Bradford DCA Knights III"]
[WhiteTeamCountry "ENG"]
[BlackTeamCountry "ENG"]

1. c4 e6 2. d4 d5 3. Nc3 Nf6 4. cxd5 exd5 5. Bg5 Be7 6. e3 0-0 7. Bd3 c6 8. Nge2 Re8 9. 0-0 Bg4 10. f3 Bh5 11. Nf4 Bg6 12. Nxg6 hxg6 13. Qb3 Qb6 14. Qc2 Nbd7 15. a3 Nh5 16. Bxe7 Rxe7 17. Na4 Qc7 18. Nc3 Rxe3 19. Nxd5 cxd5 20. Qxc7 Rxd3 21. Qxd7 Nf6 22. Qxb7 Re8 23. Rfe1 1-0

[Event "BCF-chT3N 1617 (4NCL)"]
[Site "England"]
[Date "2017.02.12"]
[Round "6.82"]
[White "Clarke, Paul Rh"]
[Black "Somton, Anita"]
[Result "1/2-1/2"]
[WhiteElo "1745"]
[BlackElo "1952"]
[PlyCount "78"]
[EventDate "2016.11.26"]
[EventType "team-swiss"]
[EventRounds "11"]
[EventCountry "ENG"]
[SourceTitle "EXT 2019"]
[Source "ChessBase"]
[SourceDate "2018.10.10"]
[SourceVersion "1"]
[SourceVersionDate "2018.10.10"]
[SourceQuality "1"]
[WhiteTeam "Bradford DCA Knights III"]
[BlackTeam "Ashfield Breadsall II"]
[WhiteTeamCountry "ENG"]
[BlackTeamCountry "ENG"]

1. d4 d5 2. Bf4 c5 3. c3 Nc6 4. e3 Nf6 5. Nf3 Bf5 6. Bd3 Bg6 7. Bxg6 hxg6 8. h3 e6 9. Nbd2 Be7 10. Ne5 Nxe5 11. Bxe5 0-0 12. 0-0 Qb6 13. Qb3 Nd7 14. Bg3 Rfc8 15. Rfc1 Bf6 16. Nf3 Qxb3 17. axb3 Be7 18. Ne5 Nxe5 19. Bxe5 Rc6 20. dxc5 Bxc5 21. b4 Be7 22. Ra5 f6 23. Bg3 Bxb4 24. Rb5 Bc5 25. Rxb7 Bb6 26. Ra1 Rac8 27. Rd7 Rc5 28. Bd6 Rb5 29. Ba3 Rd8 30. Rxd8+ Bxd8 31. Kf1 e5 32. Rd1 Bb6 33. Ke2 Kf7 34. Kd3 Bc5 35. Bxc5 Rxc5 36. b4 Rc7 37. Ra1 Ke6 38. Ra6+ Kd7 39. f3 Ke7 1/2-1/2

[Event "BCF-chT3N 1617 (4NCL)"]
[Site "England"]
[Date "2017.02.11"]
[Round "5.92"]
[White "Gavin, Richard"]
[Black "Clarke, Paul Rh"]
[Result "0-1"]
[WhiteElo "1847"]
[BlackElo "1745"]
[PlyCount "98"]
[EventDate "2016.11.26"]
[EventType "team-swiss"]
[EventRounds "11"]
[EventCountry "ENG"]
[SourceTitle "EXT 2019"]
[Source "ChessBase"]
[SourceDate "2018.10.10"]
[SourceVersion "1"]
[SourceVersionDate "2018.10.10"]
[SourceQuality "1"]
[WhiteTeam "3CS Oldham III"]
[BlackTeam "Bradford DCA Knights III"]
[WhiteTeamCountry "ENG"]
[BlackTeamCountry "ENG"]

1. d4 d5 2. c4 e6 3. Nf3 Nf6 4. Bg5 Be7 5. e3 0-0 6. Bd3 Nbd7 7. Nbd2 c5 8. 0-0 b6 9. cxd5 Nxd5 10. Bxe7 Qxe7 11. Rc1 Bb7 12. Ne4 Rfc8 13. Qe2 Nb4 14. Bb1 Ba6 15. Qd2 Bxf1 16. Rxf1 Nd5 17. Neg5 h6 18. Qd3 g6 19. Ne4 cxd4 20. exd4 Qb4 21. Ne5 Nxe5 22. dxe5 Qxb2 23. g3 Qxe5 24. Qd2 Nc3 25. Nxc3 Qxc3 26. Qxh6 Qg7 27. Qf4 Rc5 28. Rd1 Rac8 29. Kg2 Qe5 30. Qh6 Qh5 31. Qxh5 gxh5 32. Rd7 R5c7 33. Rd4 Rc1 34. Rb4 R8c5 35. Bd3 Rd1 36. Bb5 Rd2 37. a4 Rf5 38. Rh4 Rfxf2+ 39. Kg1 Rf5 40. g4 Rc5 41. gxh5 Rg5+ 42. Kf1 Kg7 43. h6+ Kh8 44. Be2 Re5 45. Bb5 Rc5 46. Be2 Rf5+ 47. Ke1 Ra2 48. Bd3 Rff2 49. Be2 Raxe2+ 0-1

[Event "Harrogate 4NCL op-B 12th"]
[Site "Harrogate"]
[Date "2017.01.07"]
[Round "2"]
[White "Clarke, Paul Rh"]
[Black "Desmedt, Richard E"]
[Result "1/2-1/2"]
[WhiteElo "1729"]
[BlackElo "1839"]
[PlyCount "77"]
[EventDate "2017.01.06"]
[EventType "swiss"]
[EventRounds "5"]
[EventCountry "ENG"]
[SourceTitle "CBM 176 Extra"]
[Source "ChessBase"]
[SourceDate "2017.03.02"]
[SourceVersion "1"]
[SourceVersionDate "2017.03.02"]
[SourceQuality "1"]

1. d4 d5 2. Bf4 e6 3. e3 Bd6 4. Bg3 Nf6 5. Nf3 b6 6. Bd3 Ba6 7. Bxa6 Nxa6 8. Qe2 Bxg3 9. hxg3 Qc8 10. Nbd2 c5 11. Qb5+ Nd7 12. c3 Nc7 13. Qd3 Qa6 14. Qxa6 Nxa6 15. 0-0 Rc8 16. e4 cxd4 17. Nxd4 dxe4 18. Nxe4 0-0 19. Nb5 Nac5 20. Rfd1 a6 21. Nxc5 Nxc5 22. Nd4 g6 23. b3 Rfd8 24. f3 e5 25. Ne2 f5 26. c4 Kf7 27. Nc3 Ne6 28. Nd5 b5 29. cxb5 axb5 30. Nb6 Rxd1+ 31. Rxd1 Rd8 32. Rxd8 Nxd8 33. a4 bxa4 34. bxa4 Nc6 35. Nc4 Ke6 36. Kf2 Kd5 37. Nb6+ Kc5 38. Nd7+ Kb4 39. Nf8 1/2-1/2

[Event "Wetherby 4NCL op-B 6th"]
[Site "Wetherby"]
[Date "2016.01.10"]
[Round "5"]
[White "Clarke, Paul Rh"]
[Black "Salisbury, Paul"]
[Result "0-1"]
[WhiteElo "1802"]
[BlackElo "1802"]
[PlyCount "128"]
[EventDate "2016.01.08"]
[EventType "swiss"]
[EventRounds "5"]
[EventCountry "ENG"]
[SourceTitle "CBM 170 Extra"]
[Source "ChessBase"]
[SourceDate "2016.02.25"]
[SourceVersion "1"]
[SourceVersionDate "2016.02.25"]
[SourceQuality "1"]

1. d4 d6 2. Nf3 g6 3. e4 Bg7 4. c3 c6 5. Be3 Qc7 6. Bc4 Nf6 7. e5 Ng4 8. exd6 Qxd6 9. Qd2 Nxe3 10. Qxe3 0-0 11. Nbd2 Nd7 12. 0-0 Nb6 13. Bb3 e6 14. Rfe1 Nd5 15. Qg5 Qf4 16. Qg3 Qxg3 17. hxg3 Re8 18. Ne4 Nf6 19. Nd6 Rd8 20. Nxc8 Raxc8 21. Ne5 Nd5 22. Re2 Kf8 23. Rae1 b5 24. Nd3 a5 25. Nc5 Rc7 26. Na6 Re7 27. Nc5 Nc7 28. Kf1 Rde8 29. a4 b4 30. Nb7 bxc3 31. bxc3 Ra8 32. Bc4 Nd5 33. Bxd5 cxd5 34. Rb1 Rc7 35. Nc5 e5 36. Rb7 Rxb7 37. Nxb7 exd4 38. cxd4 Bxd4 39. Rd2 Bc3 40. Rxd5 Re8 41. Rd8 Rxd8 42. Nxd8 Ke7 43. Nc6+ Kd6 44. Na7 Kc5 45. Nb5 Bg7 46. Ke2 Kb4 47. Nd6 f5 48. Kd3 Kxa4 49. Kc4 Bf8 50. Nb5 Bh6 51. f4 Bg7 52. Nc7 h6 53. Ne6 Bf6 54. Nf8 g5 55. Nd7 Be7 56. Nb6+ Ka3 57. Nd5 Bd6 58. Ne3 gxf4 59. Nxf5 Be5 60. gxf4 Bxf4 61. g4 a4 62. Nd4 Kb2 63. Ne2 Be5 64. Ng1 a3 0-1

[Event "Wetherby 4NCL op-B 6th"]
[Site "Wetherby"]
[Date "2016.01.08"]
[Round "1"]
[White "Clarke, Paul Rh"]
[Black "Harker, Peter"]
[Result "1-0"]
[WhiteElo "1802"]
[BlackElo "1675"]
[PlyCount "81"]
[EventDate "2016.01.08"]
[EventType "swiss"]
[EventRounds "5"]
[EventCountry "ENG"]
[SourceTitle "CBM 170 Extra"]
[Source "ChessBase"]
[SourceDate "2016.02.25"]
[SourceVersion "1"]
[SourceVersionDate "2016.02.25"]
[SourceQuality "1"]

1. d4 Nf6 2. Nf3 e6 3. Bf4 d5 4. e3 Bd6 5. Bg3 b6 6. Bd3 0-0 7. Nbd2 c5 8. c3 c4 9. Bc2 Qc7 10. e4 dxe4 11. Bxd6 Qxd6 12. Nxe4 Qe7 13. Nxf6+ gxf6 14. Qe2 f5 15. Bxf5 Bb7 16. Be4 Bxe4 17. Qxe4 Nd7 18. 0-0 Kh8 19. Rfe1 Rg8 20. d5 Nc5 21. Qxc4 Qf6 22. Qd4 Qxd4 23. Nxd4 Nd3 24. Re3 Nf4 25. g3 Nxd5 26. Re4 Nf6 27. Rh4 Rg4 28. Rxg4 Nxg4 29. Nb5 Rd8 30. h3 a6 31. Nc7 Ne5 32. Rb1 a5 33. b4 axb4 34. cxb4 Rd2 35. a4 Nd3 36. a5 bxa5 37. bxa5 Nxf2 38. a6 Nxh3+ 39. Kf1 Rh2 40. Rb8+ Kg7 41. a7 1-0